[Event "Ambelokipi op 118th"]
[Site "Athens"]
[Date "2011.10.08"]
[Round "1"]
[White "Koerant, Filipos"]
[Black "Retkowski, Daniel"]
[Result "1-0"]
[WhiteElo "2107"]
[BlackElo "1669"]
[PlyCount "111"]
[EventDate "2011.10.08"]
[EventType "swiss"]
[EventRounds "7"]
[EventCountry "GRE"]
[SourceTitle "EXT 2024"]
[Source "ChessBase"]
[SourceDate "2023.10.10"]
[SourceVersion "1"]
[SourceVersionDate "2023.10.10"]
[SourceQuality "1"]

1. d4 Nf6 2. c4 c5 3. d5 b5 4. Nd2 b4 5. e4 d6 6. f4 Nbd7 7. Ngf3 g6 8. a3 Qa5 9. Bd3 Bg7 10. 0-0 0-0 11. Kh1 Bb7 12. Qe2 Qc7 13. a4 a5 14. Rb1 Nh5 15. Ng1 e6 16. b3 exd5 17. cxd5 Rae8 18. Qf3 Nb6 19. Bb2 f5 20. exf5 Bxd5 21. Bc4 Qb7 22. Bxd5+ Qxd5 23. fxg6 hxg6 24. Qxd5+ Nxd5 25. Bxg7 Kxg7 26. Nc4 Ne3 27. Nxd6 Nxf1 28. Nxe8+ Rxe8 29. Rxf1 Re3 30. Rc1 Rc3 31. Rxc3 bxc3 32. Ne2 c2 33. g3 Nf6 34. Kg2 Ne4 35. Nc1 Nd2 36. Kf2 c4 37. bxc4 Nxc4 38. Ke2 Nb2 39. Kd2 Nxa4 40. Nb3 Nb6 41. Nxa5 Nd5 42. Nc4 Nf6 43. Kxc2 Ng4 44. h4 Kf6 45. Kd3 Ke6 46. Ke4 Nf6+ 47. Kf3 Nd5 48. g4 Kf6 49. g5+ Kf5 50. Ne3+ Nxe3 51. Kxe3 Kg4 52. Ke4 Kh5 53. Ke5 Kg4 54. Kf6 Kxf4 55. Kxg6 Ke4 56. Kf7 1-0